MDQL
is popping MORE tags! Check the
thread
!
Quizzes
Events
Quiz Creation
Community
Videos
Private Events
Remove Ads
Sign In
Join for FREE
Feedback
Dark Mode
Quiz Categories
Sports
Geography
Music
Movies
Television
Just For Fun
Miscellaneous
History
Literature
Language
Science
Gaming
Entertainment
Religion
Holiday
For Kids
Quiz Lab
Recent
Popular Today
Quiz Kudos Today
Editor Picks
Curator Picks
Quizzes by...
Day
Popularity
Type
Ratings
Length
Year
Community
Subscriptions
Recent Discussions
Orange Saloon
Badges
Playlists
Quests
Create
Leaderboards
Showdown
Live 5
Trivia Bingo
Activity
Puzzle Library
Sporcle Events
Private Events
Virtual Trivia
Globe League
Become a Host
Pub Owners
SporcleCon
Opinionation
Our Games
Videos
Blog
Mobile Apps
Partnerships
Remove Ads and Go Orange
Feedback
Language
Vocabulary
Begins and Ends
Definition
Spanish
French
German
Italian
Chinese
Latin
Translation
Japanese
Language
Vocabulary
Begins and Ends
Definition
Spanish
French
German
Italian
Chinese
Latin
Translation
Japanese
Random Quiz
Search Sporcle
×
Quiz Lab
Quiz Lab
Language
Translation
Type in answers that appear in a list
Type in answers that appear in a list
Classic
Best Score? Go Orange.
In what language is this word longer? Stats
Can you name the language in which the given word is longer?
By
dancastro
5m
24 Questions
104 Plays
104 Plays
104 Plays
Comments
Comments
Give Quiz Kudos
Give Quiz Kudos
-
- Ratings
hide this ad
Forced Order
Answers have to be entered in order
Answers have to be entered in order
Wrong Answers
Some wrong answers will appear in red
Some wrong answers will appear in red
Replay
Link that replays current quiz
Next Quiz
Link to next quiz in quiz playlist
You Got
0%
They Got
Avg Score
57%
Avg Friend Score
Upgrade to see
Score Distribution
Jump to the score distribution portion of the page
Score
0/24
Timer
05:00
0
Plays Today
English word and options
Language
% Correct
Apple (German, Spanish, French?)
???
78.8%
Dog [male] (Italian, French, Russian?)
???
72.1%
Head (German, French, Latin?)
???
70.2%
Five (Spanish, Italian, French?)
???
67.3%
Gold (Dutch, French, Italian?)
???
67.3%
Word (German, French, Spanish?)
???
65.4%
Man (Italian, French, Spanish?)
???
63.5%
City (Spanish, German, Latin?)
???
63.5%
Horse (German, French, Spanish?)
???
63.5%
Star (Spanish, German, French?)
???
62.5%
Door (German, French, Spanish?)
???
61.5%
Street (Spanish, French, Dutch?)
???
61.5%
English word and options
Language
% Correct
House (Russian, French, German?)
???
58.7%
Book (Swedish, German, French?)
???
57.7%
Lake (Italian, German, French?)
???
54.8%
Mouse (German, Spanish, French?)
???
51.9%
Tree (German, Italian, French?)
???
51%
Sun (Spanish, French, German?)
???
47.1%
Sky (German, Italian, Russian?)
???
47.1%
Twelve (French, German, Italian?)
???
46.2%
Snow (French, Italian, German?)
???
45.2%
Paper (French, Spanish, Italian?)
???
44.2%
Finger (Latin, French, German?)
???
41.3%
Shoe (Spanish, French, Italian?)
???
40.4%
Quiz Playlist
Details
Report
Send in Message
Add To Playlist
Classic:
Type in answers that appear in a list
Forced Order:
Answers have to be entered in order
Wrong Answers:
Some wrong answers will appear in red
Last Updated: Jul 11, 2017
Quiz Scoreboard
CHALLENGE
Sign Up to Join the Scoreboard
Show All
Scores
Hide
Comments
May contain spoilers
Recently Published
Holiday 10x10 Sorting Gallery
by lukepisani3
Holiday
15m
Two Season TV Shows II
by 123Four
Television
10m
Image Sorting: Flags VI
by Barbecue
Geography
2m
More to Explore
Quiz From the Vault
Featured Blog Post
14 Easter Pick-up Lines to Find Eggs With
hide this ad
You Might Also Like...
Tags
Translation Quiz
English
Longer
option
Today's Top Quizzes in Language
Browse Language
hide this ad
Today's Top Quizzes in Translation
Browse Translation
Top Contributed Quizzes in Language
1
What Word Starts All?
2
1-10 Letter F Words III
3
1-10 Letter G Words III
4
Weisst du, aus welchen Sprachen diese Wörter stammen?
5
1-10 Letter H Words III
6
Harry Potter book 6 chapters: English & Greek
7
Arabic Numerals
8
One Thing in Common: Italy
9
1-10 Letter I Words III
10
Celtic Nations in their Language
Explore More
Trending Topics
Harry Potter
Marvel
Disney
Kpop
Anime
NBA
Crossword
Pokémon
NFL
Soccer
Puzzle
Country
WWE
The Office
Song
hide this ad
More By:
dancastro
Quiz
Plays
Rating
Category
Featured
Created
Longest Countries
193,277
4.66
Geography
Sep 16, 2010
Slimmest Countries
148,293
4.36
Geography
Oct 10, 2010
Eccentric State Capitals
107,252
4.39
Geography
Jan 9, 2011
Nearest Countries With The Same Initial
100,212
4.78
Geography
Nov 3, 2010
Longest Countries II (All-Inclusive)
72,583
4.71
Geography
Oct 3, 2010
Go to Creator's Profile
Score Distribution
Quiz Creator Spotlight
dancastro
Follow
Send a Message
Quizzes Created
-
Created Quiz Play Count
-
More By This Creator
Popular Quizzes Today
1
Find the US States - No Outlines Minefield
2
Colored Red Africa Blitz
3
Find the 'City' Movie
4
The Countries of the World
5
5x2 Blitz: Bands
6
Find the Countries of Europe - No Outlines Minefield
7
Find the US States
8
US States
More Language Quizzes
What's the 'PUN'chline?
Published
Trending Quizzes
Colored Red Europe Blitz I
Colored Red Europe Blitz II
Colored Red Africa Blitz II
Even More Two Season TV Shows
Colored Red Africa Blitz III
Recently Updated
Odd Team Out - Big 4 Players
pecheneg
Quick Pick: 20 Twenties
pecheneg
March Madness Men's Triple Doubles
pecheneg
How Do You Spell That?
pecheneg
Godzilla Movies
pecheneg
Grab Bag: 4-10 Letters
pecheneg
2024 March Madness Bracket
pecheneg
Famous TV Couples
Peacemaker
Champions League XIs: Real Madrid
pecheneg
Largest US Cities 1790-2010
pecheneg
Trending Topics
Disney
Kpop
Harry Potter
Anime
Marvel
NBA
Crossword
WWE
Puzzle
Song
Pokémon
Soccer
The Office
Country
NFL
Your Account Isn't Verified!
In order to create a playlist on Sporcle, you need to verify the email address you used during registration. Go to your
Sporcle Settings
to finish the process.
Report this User
Report this user for behavior that violates our
Community Guidelines
.
Details:
Send Report
Go to the Sporcle.com Mobile Site →
Comments